000 00609nam a2200229 i 4500
999 _c106008
_d106008
003 BJBSDDR
005 20230411085707.0
007 ta
008 131008s2010 dr g 000 0 spa d
020 _a9789945003840
040 _bspa
_cBJBSDDR
041 _aspa
050 1 4 _a118 PQ 7409.2
_bG377c 2010
100 1 _aGerónimo, Joaquín,
_d1955-
245 1 0 _aCon los pies en el cielo /
_cJoaquín Gerónimo.
260 _aSanto Domingo :
_bBúho,
_c2010
300 _a174 p.;
_c23 cm.
650 4 _92272
_aLiteratura dominicana
650 4 _94618
_aNovela dominicana
942 _2lcc
_cBK
946 _aPP